000 00561nam a2200205Ia 4500
005 20250923145550.0
008 008 250917s9999 xx 000 0 eng d
037 _aTextual
040 _aDSWL
_beng
_cDSWL
041 _aeng
_2eng
084 _aX:9N2,2, N81
_qDSWL
100 _aMarla, S.
_9836651
245 0 _aBonded labour in India
_c by S.Marla
260 _aNew Delhi
_b Biblia Impeoc P. Ltd.
_c1981
300 _axvi,227p.
365 _aGBP
_b76.5
925 _g76.5
942 _cTEXL
_hX:9N2,2, N81
999 _c1452905
_d1452905